2026 NASCAR Drivers - Statistics

General Stats
  • This quiz has been taken 390 times
  • The average score is 34 of 41
Answer Stats
# Team MFR Driver % Correct
45 23XI Toyota Tyler Reddick
98%
23 23XI Toyota Bubba Wallace
96%
8 RCR Chevrolet Kyle Busch
96%
11 JGR Toyota Denny Hamlin
95%
5 Hendrick Chevrolet Kyle Larson
95%
9 Hendrick Chevrolet Chase Elliot
93%
22 Penske Ford Joey Logano
93%
54 JGR Toyota Ty Gibbs
91%
20 JGR Toyota Christopher Bell
90%
12 Penske Ford Ryan Blaney
90%
24 Hendrick Chevrolet William Byron
90%
6 RFK Ford Brad Keselowski
89%
77 Spire Chevrolet Carson Hocevar
89%
48 Hendrick Chevrolet Alex Bowman
88%
2 Penske Ford Austin Cindric
88%
3 RCR Chevrolet Austin Dillon
88%
7 Spire Chevrolet Daniel Suarez
88%
1 Trackhouse Chevrolet Ross Chastain
88%
10 Kaulig Chevrolet Ty Dillon
88%
19 JGR Toyota Chase Briscoe
87%
97 Trackhouse Chevrolet Shane Van Gisbergen
86%
88 Trackhouse Chevrolet Connor Zilisch
84%
17 RFK Ford Chris Buescher
83%
4 Front Row Ford Noah Gragson
83%
47 Hyak Chevrolet Ricky Stenhouse Jr
82%
35 23XI Toyota Riley Herbst
82%
71 Spire Chevrolet Michael McDowell
80%
60 RFK Ford Ryan Preece
80%
42 Legacy Toyota John Hunter Nemecheck
79%
38 Front Row Ford Zane Smith
79%
41 Haas Chevrolet Cole Custer
78%
21 Wood Brothers Ford Josh Berry
78%
16 Kaulig Chevrolet AJ Allmendinger
77%
51 Rick Ware Chevrolet Cody Ware
76%
43 Legacy Toyota Erik Jones
76%
67 23XI Toyota Corey Heim
74%
34 Front Row Ford Todd Gilliland
72%
78 Live Fast Chevrolet BJ McLeod
65%
40 JR Motorsports Chevrolet Justin Allgaier
63%
44 NY Racing Chevrolet JJ Yeley
56%
66 Garage 66 Ford Casey Mears
52%
No matching quizzes found
Score Distribution
Percent of People with Each Score
Percentile by Number Answered
Your Score History
You have not taken this quiz